Statistics for Wimbledon Premier League Players

Click here to take the quiz!

General Stats

  • This quiz has been taken 13 times
  • The average score is 13 of 64

Answer Stats

The Dons% Correct
Vinnie Jones
100%
Neil Sullivan
90%
Marcus Gayle
80%
John Fashanu
80%
Dean Holdsworth
70%
John Hartson
70%
Robbie Earle
60%
Øyvind Leonhardsen
60%
Andy Thorn
50%
Neal Ardley
50%
Warren Barton
50%
John Scales
50%
Efan Ekoku
50%
Gareth Ainsworth
40%
Terry Gibson
40%
Hans Segers
40%
Lawrie Sanchez
40%
Hermann Hreiðarsson
40%
Chris Perry
30%
Peter Fear
30%
Andy Clarke
30%
Michael Hughes
20%
Ben Thatcher
20%
Ceri Hughes
20%
Andy Roberts
20%
Jason Euell
20%
Trond Andersen
10%
Paul Heald
10%
Wayne Gray
10%
Carl Cort
10%
Mick Harford
10%
Mark Kennedy
10%
Kenny Cunningham
10%
Alan Kimble
10%
Dean Blackwell
0%
Alan Reeves
0%
Gregory Berry
0%
Gary Elkins
0%
Walid Badir
0%
Justin Skinner
0%
Ståle Solbakken
0%
Andy Pearce
0%
Steve Anthrobus
0%
Steve Talboys
0%
Martin Andresen
0%
Simon Tracey
0%
Tore Pedersen
0%
Gary Blissett
0%
Aidan Newhouse
0%
Paul Miller
0%
Alan McLeary
0%
Paul McGee
0%
Brian McAllister
0%
Andreas Lund
0%
Carl Leaburn
0%
Duncan Jupp
0%
Roger Joseph
0%
Stewart Castledine
0%
Jon Goodman
0%
Steve Cotterill
0%
Damien Francis
0%
Scott Fitzgerald
0%
Gerald Dobbs
0%
Chris Willmott
0%

Score Distribution

Percentile by Number Answered

Percent of People with Each Score

Your Score History

You have not taken this quiz